[Event "St Chely d'Aubrac op 11th"]
[Site "St Chely d'Aubrac"]
[Date "2011.07.12"]
[Round "5"]
[White "Hug, Timothee"]
[Black "Manser, Lucas"]
[Result "1-0"]
[WhiteElo "1786"]
[BlackElo "1640"]
[PlyCount "78"]
[EventDate "2011.07.09"]
[EventType "swiss"]
[EventRounds "7"]
[EventCountry "FRA"]
[SourceTitle "CBM 143 Extra"]
[Source "ChessBase"]
[SourceDate "2011.08.29"]
[SourceVersion "1"]
[SourceVersionDate "2011.08.29"]
[SourceQuality "1"]

1. e4 c6 2. d4 d5 3. exd5 cxd5 4. c4 Nf6 5. h3 Nc6 6. Nf3 e6 7. Nc3 Be7 8. Bf4 a6 9. a3 0-0 10. cxd5 Nxd5 11. Nxd5 Qxd5 12. Bd3 Bf6 13. Be3 Rd8 14. Qc2 h6 15. Rd1 Qd7 16. 0-0 b5 17. Ne5 Bxe5 18. dxe5 Qe8 19. Bb6 Rd5 20. Be4 Rxd1 21. Rxd1 Bd7 22. Rxd7 Qxd7 23. Bxc6 Rc8 24. Bxd7 Rxc2 25. b4 Rc3 26. a4 Rd3 27. axb5 a5 28. bxa5 Rd1+ 29. Kh2 Rxd7 30. a6 Kf8 31. a7 Rxa7 32. Bxa7 Ke8 33. b6 Kd7 34. b7 Kc6 35. b8Q Kd5 36. Qd6+ Ke4 37. Qd4+ Kf5 38. g4+ Kg5 39. f4+ Kh4 1-0

[Event "St Chely d'Aubrac op 11th"]
[Site "St Chely d'Aubrac"]
[Date "2011.07.11"]
[Round "3"]
[White "Manser, Lucas"]
[Black "Schmitt, Claude"]
[Result "0-1"]
[WhiteElo "1640"]
[BlackElo "1831"]
[PlyCount "72"]
[EventDate "2011.07.09"]
[EventType "swiss"]
[EventRounds "7"]
[EventCountry "FRA"]
[SourceTitle "CBM 143 Extra"]
[Source "ChessBase"]
[SourceDate "2011.08.29"]
[SourceVersion "1"]
[SourceVersionDate "2011.08.29"]
[SourceQuality "1"]

1. e4 c5 2. Nf3 e6 3. d4 cxd4 4. Nxd4 Nf6 5. Nc3 d6 6. Be2 a6 7. 0-0 Qc7 8. f4 b5 9. a3 Bb7 10. Bf3 Nbd7 11. f5 e5 12. Nde2 Be7 13. Be3 Nb6 14. Bxb6 Qxb6+ 15. Kh1 Rd8 16. Qd2 h6 17. Rad1 Qc5 18. h3 Qc4 19. Qd3 Qc5 20. Kh2 0-0 21. g4 Rfe8 22. Qd2 d5 23. exd5 e4 24. Bg2 Bxd5 25. Nxd5 Rxd5 26. Qc1 Rxd1 27. Rxd1 Bd6+ 28. Kh1 Qe5 29. Kg1 Bc5+ 30. Kh1 Nd5 31. c3 Ne3 32. Re1 Bd6 33. Kg1 Qh2+ 34. Kf2 Nxg2 35. Rh1 e3+ 36. Kf3 Nh4# 0-1

[Event "St Chely d'Aubrac op 11th"]
[Site "St Chely d'Aubrac"]
[Date "2011.07.09"]
[Round "1"]
[White "Manser, Lucas"]
[Black "Galloux, Maxime"]
[Result "0-1"]
[WhiteElo "1640"]
[BlackElo "2075"]
[PlyCount "72"]
[EventDate "2011.07.09"]
[EventType "swiss"]
[EventRounds "7"]
[EventCountry "FRA"]
[SourceTitle "CBM 143 Extra"]
[Source "ChessBase"]
[SourceDate "2011.08.29"]
[SourceVersion "1"]
[SourceVersionDate "2011.08.29"]
[SourceQuality "1"]

1. e4 c5 2. Nf3 g6 3. d4 cxd4 4. Nxd4 Nc6 5. Nc3 Bg7 6. Be3 Nf6 7. Qd2 0-0 8. 0-0-0 Ng4 9. Nxc6 bxc6 10. f3 Nxe3 11. Qxe3 Qa5 12. a3 Rb8 13. Bc4 d6 14. g4 Rb7 15. Bb3 Be6 16. Ne2 c5 17. e5 Bxe5 18. f4 Bg7 19. f5 Bxb3 20. cxb3 Qb5 21. Kc2 c4 22. b4 Qa4+ 23. Kb1 a5 24. fxg6 hxg6 25. Qe4 Rc7 26. Rc1 Rfc8 27. Nc3 Qb3 28. Rc2 e6 29. Nb5 d5 30. Qf4 Rd7 31. Nd4 Qd3 32. Ne2 axb4 33. axb4 Ra7 34. Nc3 Rca8 35. Kc1 Bxc3 36. Rxc3 Ra1# 0-1

[Event "St Chely d'Aubrac op 9th"]
[Site "St Chely d'Aubrac"]
[Date "2009.07.11"]
[Round "1"]
[White "Saucey, Michel"]
[Black "Manser, Lucas"]
[Result "1-0"]
[WhiteElo "2366"]
[BlackElo "1639"]
[PlyCount "87"]
[EventDate "2009.07.11"]
[EventType "swiss"]
[EventRounds "9"]
[EventCountry "FRA"]
[SourceTitle "EXT 2010"]
[Source "ChessBase"]
[SourceDate "2010.11.25"]
[SourceVersion "1"]
[SourceVersionDate "2010.11.25"]
[SourceQuality "1"]

1. d4 d5 2. c4 e6 3. Nc3 Nf6 4. cxd5 exd5 5. Bg5 Be7 6. e3 0-0 7. Bd3 Nbd7 8. Qc2 h6 9. Bf4 c6 10. Nf3 b6 11. h3 Bb7 12. 0-0 a6 13. Rfd1 c5 14. Ne5 c4 15. Bf5 b5 16. a3 Nb6 17. f3 Nh5 18. Bh2 Nf6 19. Qf2 Ne8 20. Bb1 Nf6 21. g4 Nbd7 22. Qc2 Qe8 23. h4 g6 24. h5 gxh5 25. Nxd7 Qxd7 26. Be5 Rfc8 27. Bxf6 Bxf6 28. Qh7+ Kf8 29. Qxh6+ Bg7 30. Qxh5 Rd8 31. Bf5 Qe7 32. Kf2 Qd6 33. Re1 Rab8 34. Re2 Ra8 35. Rh1 Rab8 36. g5 Ra8 37. g6 fxg6 38. Bxg6 Qf6 39. Rh4 Qc6 40. Rf4+ Ke7 41. Rf7+ Kd6 42. Rxg7 Qc8 43. Bf5 Qb8 44. Qg6# 1-0

[Event "St Chely d'Aubrac op 8th"]
[Site "St Chely d'Aubrac"]
[Date "2008.07.16"]
[Round "5"]
[White "Veys, Vincent"]
[Black "Manser, Lucas"]
[Result "1/2-1/2"]
[WhiteElo "1530"]
[BlackElo "1740"]
[PlyCount "52"]
[EventDate "2008.07.13"]
[EventType "swiss"]
[EventRounds "9"]
[EventCountry "FRA"]
[SourceTitle "CBM 125 Extra"]
[Source "ChessBase"]
[SourceDate "2008.09.01"]
[SourceVersion "1"]
[SourceVersionDate "2008.09.01"]
[SourceQuality "1"]

1. e4 c5 2. Nf3 e6 3. d3 Nc6 4. g3 g6 5. Bg2 Bg7 6. 0-0 Nge7 7. Nc3 a6 8. Bg5 0-0 9. Qd2 d5 10. exd5 exd5 11. Rfe1 b6 12. Rab1 Be6 13. Bh6 Nf5 14. Bxg7 Nxg7 15. Qh6 Nf5 16. Qg5 Ng7 17. Qxd8 Rfxd8 18. Ng5 h6 19. Nxe6 fxe6 20. a3 b5 21. Ne2 g5 22. Nc3 Rac8 23. Bh3 Nd4 24. Kg2 h5 25. f3 Kf7 26. Rbc1 c4 1/2-1/2

[Event "St Chely d'Aubrac op 8th"]
[Site "St Chely d'Aubrac"]
[Date "2008.07.13"]
[Round "1"]
[White "Furrer, Marc"]
[Black "Manser, Lucas"]
[Result "1-0"]
[WhiteElo "2121"]
[BlackElo "1740"]
[PlyCount "68"]
[EventDate "2008.07.13"]
[EventType "swiss"]
[EventRounds "9"]
[EventCountry "FRA"]
[SourceTitle "CBM 125 Extra"]
[Source "ChessBase"]
[SourceDate "2008.09.01"]
[SourceVersion "1"]
[SourceVersionDate "2008.09.01"]
[SourceQuality "1"]

1. e4 c5 2. Nf3 Nc6 3. d4 cxd4 4. Nxd4 g6 5. Nc3 Bg7 6. Be3 Nf6 7. Nb3 0-0 8. h3 d6 9. Qd2 Bd7 10. g4 Qc7 11. g5 Ne8 12. Nd5 Qd8 13. c4 Nc7 14. f4 Rc8 15. Be2 Rb8 16. a4 b6 17. Ra3 Na6 18. Nc1 Nc5 19. Bf3 Na5 20. Qc2 Nc6 21. b4 Nb7 22. Nd3 Nd4 23. Bxd4 Bxd4 24. h4 e6 25. Nc3 Rc8 26. Nb2 Qe7 27. Qd2 Bg7 28. 0-0 Bc6 29. f5 exf5 30. exf5 Bxf3 31. Rxf3 Qe5 32. f6 Bh8 33. Nd5 Rfe8 34. Rae3 Qxe3+ 1-0